Dataset Restricted Access

NCAC_RDD_TAPE_0268A

NCAC/RDD


MARC21 XML Export

<?xml version='1.0' encoding='UTF-8'?>
<record xmlns="http://www.loc.gov/MARC21/slim">
  <leader>00000nmm##2200000uu#4500</leader>
  <datafield tag="500" ind1=" " ind2=" ">
    <subfield code="a">Published by NCAC-National Digital Archive of The Gambia, initiated by University of Hamburg, Asia-Africa-Institute, Germany, funded by Gerda Henkel Foundation, Germany</subfield>
  </datafield>
  <controlfield tag="005">20250221123903.0</controlfield>
  <datafield tag="024" ind1=" " ind2=" ">
    <subfield code="a">10.25592/uhhfdm.10571</subfield>
    <subfield code="2">doi</subfield>
  </datafield>
  <datafield tag="909" ind1="C" ind2="O">
    <subfield code="o">oai:fdr.uni-hamburg.de:10571</subfield>
    <subfield code="p">user-uhh</subfield>
  </datafield>
  <datafield tag="041" ind1=" " ind2=" ">
    <subfield code="a">mnk</subfield>
  </datafield>
  <datafield tag="700" ind1=" " ind2=" ">
    <subfield code="a">Bamba, Suuso</subfield>
    <subfield code="u">Contributor</subfield>
    <subfield code="4">oth</subfield>
  </datafield>
  <datafield tag="700" ind1=" " ind2=" ">
    <subfield code="a">Joobaate, Amadu Bansang</subfield>
    <subfield code="u">Contributor</subfield>
    <subfield code="4">oth</subfield>
  </datafield>
  <datafield tag="773" ind1=" " ind2=" ">
    <subfield code="a">10.25592/uhhfdm.10570</subfield>
    <subfield code="i">isVersionOf</subfield>
    <subfield code="n">doi</subfield>
  </datafield>
  <datafield tag="100" ind1=" " ind2=" ">
    <subfield code="a">NCAC/RDD</subfield>
    <subfield code="u">National Centre for Arts and Culture, The Gambia</subfield>
  </datafield>
  <datafield tag="520" ind1=" " ind2=" ">
    <subfield code="a">&lt;strong&gt;This record will soon be published.&lt;/strong&gt;&lt;p&gt;SE1:&lt;/p&gt;

&lt;p&gt;&lt;strong&gt;Sunjata Part 2&lt;/strong&gt;&lt;/p&gt;

&lt;p&gt;When Tiramakang left Kantora Simbatenda he settled at Kabu Damantang, where Kelemankotoba Sanneh was born. Eventually, he married a woman from the Fatty family at Bonji.&amp;nbsp;&amp;nbsp;His wife gave birth and chose a name for the child, but there was a disagreement.&amp;nbsp;&amp;nbsp;Some suggested he should be given the name&amp;nbsp;Nyaling Jenung, while others preferred the name&amp;nbsp;as&amp;nbsp;Sarah.&amp;nbsp;&amp;nbsp;The griots later decided on a name and they agreed on Sarafa Nyaling Jenung.&amp;nbsp;Tiramakang&amp;rsquo;s family began to expand, and the family later included both Sanneh and Manneh as surnames.&amp;nbsp;&amp;nbsp;Banja and Nanki are relatives of the same Nyancho family.&amp;nbsp;&amp;nbsp;The family names Joof and Jobe are related to Tiramakang&amp;rsquo;s family.&amp;nbsp;&amp;nbsp;While, Trawalley, Dambelle, Jeebate, Bagayoko, Jammeh, Mbowe, Dumbuya, and others are descendants of Sora Musa Susso.&amp;nbsp;The family of Sankarang Madiba Konteh include, Njai, Jatta, Konteh and Bojang surnames.&amp;nbsp;&amp;nbsp;Sankarang Madiba was Sunjata&amp;rsquo;s father in-law.&amp;nbsp;&amp;nbsp;He was also Sugulong Konteh&amp;rsquo;s father.&amp;nbsp;The clan known as traders (Jula) included the family of Singateba, Nyariyaba, and Timbuktu Mamuduba Bayo who was an Islamic scholar from Mbemba Alhagi Suwareh.&amp;nbsp;The Darbo clan&amp;nbsp;is descended from Tamaha Joninkeya and they were primarily traders.&amp;nbsp;Masinaja, Sambou and Yusuf are all descendants of the Jabbi clan.&amp;nbsp;&amp;nbsp;Yusuf was educated and Sambou settled at Sutuko with his sister called Teneng Kuta.&amp;nbsp;When Sukuto was attacked, Sambou fled with his sister but she was later captured and given to Nyancho for marriage.&amp;nbsp;&amp;nbsp;They had four male children: Berening, Nyani, Ofalama and Kaake who were all at Badora.&amp;nbsp;&amp;nbsp;They were descendants of Kelefa Sanneh.&amp;nbsp;Yusufa had a son, Tura Foday who got married to Bun Malick Sey&amp;rsquo;s daughter called Fatuma Sey. She later conceived a child called Madi Fatuma, who had two boys named Jakolay and Jako Salim who were the ancestors of Jabbi families.&amp;nbsp;When the Fulas journeyed from Masina they migrated to Fouta.&amp;nbsp;&amp;nbsp;Among them were the Saidiyanke and Khadiyanke groups.&amp;nbsp;&amp;nbsp;The Saidiyanke settled at Timbo and Khadiyanke settled at Labe.&amp;nbsp;&amp;nbsp;Some Fula&amp;rsquo;s also went to settle at Khasso.&amp;nbsp;&amp;nbsp;These Fulas were the descendants of Ndama Yamdou.&amp;nbsp;&amp;nbsp;The Fulas continued to Fulladou.&amp;nbsp;&amp;nbsp;Among them were the Balnde, Jawo, Mballow and Kandeh.&amp;nbsp;&amp;nbsp;Others&amp;nbsp;arrive to settle in Niumi.&amp;nbsp;The Sonko families consisted of four groups, these were the Sonko family from Badora, Sonko Musa family from Jarra, and the descendants of Jarra Mansa Banna.&amp;nbsp;&amp;nbsp;Sonko Jileng and Sonko Bankiri from Niumi are the descendants of Gido Yaldi the father of Demba Yaldi.&amp;nbsp;&amp;nbsp;Koli Tegele and Demba Yaldi&amp;rsquo;s children settled at Berending.&amp;nbsp;Yero Tegele settled at Essau.&amp;nbsp;&amp;nbsp;He had children called Marang Sonko, Kama Sonko, Banna Sonko, Biram Tamba and Hali Marantang.&amp;nbsp;The Fulas were the first settlers of Kabu but the Baynunkas were the rulers during that period.&amp;nbsp;&amp;nbsp;They made an agreement with the Fulas to settle in the grassland areas.&amp;nbsp;&amp;nbsp;This took almost three years and the Baynunkas demanded a reward from them. It was this incident that introduced tax payment into the region.&lt;/p&gt;

&lt;p&gt;SE2:&lt;br&gt;
&amp;nbsp;&lt;/p&gt;

&lt;p&gt;&lt;strong&gt;References to entities made in the recording&lt;/strong&gt;&lt;/p&gt;

&lt;p&gt;&lt;strong&gt;Culture:&amp;nbsp;&amp;nbsp;&lt;/strong&gt;Mandinka&lt;/p&gt;

&lt;p&gt;&lt;strong&gt;Language:&lt;/strong&gt;&amp;nbsp;&amp;nbsp;Mandinka&lt;/p&gt;

&lt;p&gt;&lt;strong&gt;Persons:&amp;nbsp;&amp;nbsp;&lt;/strong&gt;Tiramakang, Kelemankotoba, Nyaling Jenung, Sarafa Nyaling Jenung, Sora Musa Susso, Sankarang Madiba Konteh, Sugulong Konteh, Mamuduba Bayo, Mbemba Alhagi Suwareh, Tamaha Joninkeya, Masinaja, Yusuf, Sambou, Teneng Kuta, Kelefa Sanneh, Tura Foday, Bun Malick Sey, Fatuma Sey, Jakolay and Jako Salim, Berening, Nyani, Ofalama, Kaake, Ndama Yamdou, Jarra Mansa Banna, Gido Yaldi, Demba Yaldi, Koli Tegele, Yero Tegele, Marang Sonko, Kama Sonko, Banna Sonko, Biram Tamba and Hali Marantang.&lt;/p&gt;

&lt;p&gt;&lt;strong&gt;Relationships:&lt;/strong&gt;&lt;/p&gt;

&lt;p&gt;Tiramakang was the ancestor of the Sanneh, Manneh, Nanki, Trawalley and Banja clans&lt;/p&gt;

&lt;p&gt;The Jabbi clan are descendants of Masinaji, Sambou and Yusuf&lt;/p&gt;

&lt;p&gt;The Sonko clan in Niumi are descendants of Gido Yaldi&lt;/p&gt;

&lt;p&gt;The Sonko clan in Jarra are descendants of Mansa Banna&lt;/p&gt;

&lt;p&gt;Yero Tegeles children included, Marang Sonko, Kama Sonko, Banna Sonko, Biram Tamba and Hali Marantang.&lt;/p&gt;

&lt;p&gt;&lt;strong&gt;Places:&amp;nbsp;&amp;nbsp;&lt;/strong&gt;Kantora Simbatenda, Kabu Damantang, Bonji, Sutuko, Badora, Masina, Timbo, Labe, Khasso, Jarra, Niumi, Berending, Essau and Kabu&lt;/p&gt;

&lt;p&gt;&lt;strong&gt;Movements:&lt;/strong&gt;&lt;/p&gt;

&lt;p&gt;Tiramakang originated&amp;nbsp;&amp;nbsp;from Manding and went to settle in Kabu Damantang&lt;/p&gt;

&lt;p&gt;The Fulas left Masina settled in Timbo and Labe, others went to Khasso&lt;/p&gt;

&lt;p&gt;&lt;strong&gt;Actions:&amp;nbsp;&lt;/strong&gt;&lt;/p&gt;

&lt;p&gt;When Sukuto was attacked Sambou fled with his sister but she was later captured and presented to Nyancho for marriage.&lt;/p&gt;

&lt;p&gt;&lt;strong&gt;Time references:&lt;/strong&gt;&lt;/p&gt;

&lt;p&gt;During the Kabu kingdom&lt;/p&gt;</subfield>
  </datafield>
  <datafield tag="542" ind1=" " ind2=" ">
    <subfield code="l">restricted</subfield>
  </datafield>
  <datafield tag="980" ind1=" " ind2=" ">
    <subfield code="a">dataset</subfield>
  </datafield>
  <datafield tag="245" ind1=" " ind2=" ">
    <subfield code="a">NCAC_RDD_TAPE_0268A</subfield>
  </datafield>
  <datafield tag="980" ind1=" " ind2=" ">
    <subfield code="a">user-uhh</subfield>
  </datafield>
  <datafield tag="650" ind1="1" ind2=" ">
    <subfield code="a">Sunjata</subfield>
    <subfield code="0">(url)https://schema.org/about</subfield>
  </datafield>
  <datafield tag="650" ind1="1" ind2=" ">
    <subfield code="a">Mandinka</subfield>
    <subfield code="0">(url)http://skos.um.es/unescothes/C01429</subfield>
  </datafield>
  <datafield tag="650" ind1="1" ind2=" ">
    <subfield code="a">03.1974</subfield>
    <subfield code="0">(url)https://schema.org/dateCreated</subfield>
  </datafield>
  <datafield tag="650" ind1="1" ind2=" ">
    <subfield code="a">GM: Banjul 1</subfield>
    <subfield code="0">(url)https://schema.org/locationCreated</subfield>
  </datafield>
  <datafield tag="650" ind1="1" ind2=" ">
    <subfield code="a">[wof]</subfield>
    <subfield code="0">(url)https://schema.org/inLanguage</subfield>
  </datafield>
  <datafield tag="650" ind1="1" ind2=" ">
    <subfield code="a">Senegambia</subfield>
    <subfield code="0">(url)https://schema.org/contentLocation</subfield>
  </datafield>
  <datafield tag="650" ind1="1" ind2=" ">
    <subfield code="a">Radio Gambia</subfield>
    <subfield code="0">(url)https://schema.org/producer</subfield>
  </datafield>
  <datafield tag="650" ind1="1" ind2=" ">
    <subfield code="a">Ndiaye, Mansur</subfield>
    <subfield code="0">(url)https://schema.org/producer</subfield>
  </datafield>
  <datafield tag="650" ind1="1" ind2=" ">
    <subfield code="a">Jaliyaa</subfield>
    <subfield code="0">(url)https://schema.org/genre</subfield>
  </datafield>
  <datafield tag="650" ind1="1" ind2=" ">
    <subfield code="a">Performance</subfield>
    <subfield code="0">(url)https://schema.org/genre</subfield>
  </datafield>
  <datafield tag="260" ind1=" " ind2=" ">
    <subfield code="c">2022-09-13</subfield>
  </datafield>
  <controlfield tag="001">10571</controlfield>
</record>

Cite record as